000 01725nam0a22003251 4500
001 rc\4519212
005 20130416180451.5
021 _aRU
_b[65-81920]
035 _a(NLR Aleph) 008624095
090 _a8841571
_c8841571
100 _a20130416d1965 |||y0rusy50 ca
101 0 _arus
102 _aRU
105 _ay z |||||
200 1 _aПроблема причинности в медицине
_fВсесоюз. о-во "Знание"
210 _aМосква
_cЗнание
_d1965
215 _a64 с.
_d21
225 1 _aБиблиотечка "Философские проблемы медицины"
_v5
300 _aПеред загл. авт.: О.В. Кербиков, действ. чл. АМН СССР проф.
320 _aБиблиогр. в конце статей
423 0 _11010#$arus
_12001#$aКритика философских основ некоторых теорий и направлений медицины капиталистических стран$fЮ. П. Лисицын, канд. мед. наук доц.$gВсесоюз. о-во "Знание"
_1700#1$aЛисицын$bЮ.П.$gЮрий Павлович
423 0 _11010#$arus
_12001#$aСоциальные проблемы медицины$fА. М. Изуткин, канд. философ. наук доц.
_1700#1$aИзуткин$bА.М.$gАнатолий Максимович
606 _aМедицина
_xФилософские проблемы
_2psbo
606 _aСоциальная гигиена
_2psbo
700 1 _aКербиков
_bО. В.
_f1907-1965
_gОлег Васильевич
801 0 _aRU
_bNLR
_gpsbo
801 1 _aRU
_bELAR
_2rusmarc
852 _aNLR
_j65-6/12824
942 _cBOOK
980 _aNB